Estudios Sociológicos: sociología del trabajo y del ocio

Uloženo v:
Podrobná bibliografie
Korporativní autor: Instituto de Investigaciones Sociales de la Universidad Nacional Autónoma de México (Autor)
Médium: Kniha
Jazyk:španělština
Vydáno: Ciudad de México Instituto de Investigaciones Sociales de la UNAM 1962
Témata:
Tagy: Přidat tag
Žádné tagy, Buďte první, kdo vytvoří štítek k tomuto záznamu!

MARC

LEADER 00000nam a2200000 a 4500
001 UCQ0828
003 CL-VaPUC
005 20250227153430.0
008 980703e19620000mx 1 spa d
082 0 4 |a 306.36  |b INS  |2 21 
110 2 |a Instituto de Investigaciones Sociales de la Universidad Nacional Autónoma de México  |e author  |9 619048 
245 1 0 |a Estudios Sociológicos: sociología del trabajo y del ocio 
260 |a Ciudad de México  |b Instituto de Investigaciones Sociales de la UNAM  |c 1962 
300 |a t 
583 |a last modification  |c 19980703 00:00:00  |k Rodrigo Vera 
650 0 7 |a SOCIOLOGIA INDUSTRIAL  |2 CL-VaPUC  |9 307184 
650 0 7 |a CULTURA DEL TRABAJO  |2 CL-VaPUC  |9 356803 
650 0 0 |a Psicología industrial  |9 271739 
650 0 0 |a Vida profesional  |9 335945 
650 0 0 |a Trabajo y empleo  |9 315054 
650 0 0 |a Ocio  |9 336997 
942 |c BK 
945 |a crobeson  |d 19980703 00:00:00 
546 |a En Español 
518 |p Congreso Nacional de Sociología, 12, Toluca, 24 al 27 de octubre de 1962 
999 |c 383221  |d 383219 
952 |0 0  |1 0  |4 0  |6 306_360000000000000_INS_1962  |7 0  |8 P  |9 505280  |a BIBENE  |b BIBENE  |d 2020-01-23  |h t.1  |i 1432044  |o 306.36 INS 1962  |p 1432044  |r 2025-01-15  |w 2020-01-23  |y BK  |k ICO 
952 |0 0  |1 0  |4 0  |6 306_360000000000000_INS_1962  |7 0  |8 P  |9 505281  |a BIBENE  |b BIBENE  |d 2020-01-23  |h t.2  |i 1427717  |o 306.36 INS 1962  |p 1427717  |r 2025-01-15  |w 2020-01-23  |y BK  |k ICO